00196nam a2200061Ia 4500245002400000100006900024008004100093 0aVer land van vrede  a LEROUX-VAN DER BOON, Marzanne Pretoria, 1988 Grootdrukuitg 210818s9999 xx 000 0 und d